Central Library OPAC University of Rajshahi

Zen and Japanese culture / (Record no. 32913)

MARC details
000 -LEADER
fixed length control field 01338cam a2200349 i 4500
001 - CONTROL NUMBER
control field 32913
003 - CONTROL NUMBER IDENTIFIER
rucl marc code BD-RjUL
005 - DATE AND TIME OF LATEST TRANSACTION
control field 20211209051920.0
008 - FIXED-LENGTH DATA ELEMENTS--GENERAL INFORMATION
fixed length control field 140429r19731959njuaf b 001 0 eng d
020 ## - INTERNATIONAL STANDARD BOOK NUMBER
International Standard Book Number 0691098492.
-- 0691017700
035 ## - SYSTEM CONTROL NUMBER
System control number (BD-RjUL)33003
040 ## - CATALOGING SOURCE
Original cataloging agency DLC
Transcribing agency DLC
Modifying agency DLC
-- BD-RjUL
Language of cataloging eng
041 ## - LANGUAGE CODE
Language code of text/sound track or separate title eng
082 00 - DEWEY DECIMAL CLASSIFICATION NUMBER
Classification number 294.3927
Author mark and year SUZ 1973
100 1# - MAIN ENTRY--PERSONAL NAME
Personal name Suzuki, Daisetz Teitaro,
Dates associated with a name 1870-1966.
9 (RLIN) 97365
245 10 - TITLE STATEMENT
Title Zen and Japanese culture /
Statement of responsibility, etc. Daisetz T. Suzuki.
260 ## - PUBLICATION, DISTRIBUTION, ETC. (IMPRINT)
Place of publication, distribution, etc. Princeton, N.J. :
Name of publisher, distributor, etc. Princeton University Press,
Date of publication, distribution, etc. c1959 [printing 1973].
300 ## - PHYSICAL DESCRIPTION
Pagination xxiii, 478 p. :
Illustrations ill. ;
Size 23 cm.
490 0# - SERIES STATEMENT
Series statement Princeton/Bollingen paperbacks ; 221
500 ## - GENERAL NOTE
General note First ed. published in 1938 under title: Zen Buddhism and its influence on Japanese culture.
General note Includes index.
504 ## - BIBLIOGRAPHY, ETC. NOTE
Bibliography, etc Bibliography: p. [443]-447.
650 17 - SUBJECT ADDED ENTRY--TOPICAL TERM
Topical term or geographic name as entry element Zen Buddhism
Geographic subdivision Japan.
9 (RLIN) 100053
651 #0 - SUBJECT ADDED ENTRY--GEOGRAPHIC NAME
Geographic name Japan
General subdivision Civilization
-- Zen influences.
9 (RLIN) 100054
856 42 - ELECTRONIC LOCATION AND ACCESS
Materials specified Publisher description
Uniform Resource Identifier <a href="http://www.loc.gov/catdir/description/prin031/75323168.html">http://www.loc.gov/catdir/description/prin031/75323168.html</a>
Materials specified Table of contents
Uniform Resource Identifier <a href="http://www.loc.gov/catdir/toc/prin031/75323168.html">http://www.loc.gov/catdir/toc/prin031/75323168.html</a>
942 ## - ADDED ENTRY ELEMENTS (KOHA)
Source of classification or shelving scheme Dewey Decimal Classification
Koha item type Books
Holdings
Lost status Source of classification or shelving scheme Damaged status Not for loan Collection code Permanent Location Current Location Shelving location Date acquired Source of acquisition Total Checkouts Full call number Date last seen Copy number Koha item type
  Dewey Decimal Classification     Non-fiction Central Library, University of Rajshahi Central Library, University of Rajshahi Reading Room 26/04/1979 Japan foundation   294.3927 SUZ 1973 29/04/2014 C-1 Books